00608 2200205 4500001002100000005001700021008004100038035002400079082002000103090003200123110004400155245005400199260004100253300002800294650003000322850001500352980001400367985000600381999001500387YOGYA-0209000002628320090227024037.0 ind  0010-020900000026283 a330.95982271021 a330.95982271021bYog IlYOG aYOGYAKARTA. (Propinsi) Kantor Statistik aIndikator ekonomi daerah Istimewa Yogyakarta 1992 aYogyakartabKantor Statistikc[1993] axv, 81 hlmbilusc28 cm aEkonomi - DIY - Statistik aYOPDYOG(M) a16-1-2006 a1 a06A0014900